000 00617nam a2200205Ia 4500
003 GCL
008 140319s9999 xx 000 0 ara d
040 _aGCL /
_cGCL
082 0 4 _a246.32
_bس ا
100 1 _aسعيد مراد
245 1 0 _aمدرسة البصرة الاعتزالية /
_cسعيد مراد
260 _a[S.N] :
_bمكتبة الانجلوالمصرية ،
_c1992
300 _a422 ص
490 _a
650 0 4 _aالاسلام
650 0 4 _aالحركات الفكرية عند المسلمين
650 0 4 _aالفقه الاسلامى
650 0 4 _aالمعتزلة
942 _2ddc
_cBK
999 _c31655
_d31655